Central Library OPAC University of Rajshahi

Contractual Arrangements for Rice Cultivation in Bangladesh / (Record no. 79560)

MARC details
000 -LEADER
fixed length control field 00974nam a2200265 a 4500
001 - CONTROL NUMBER
RUCL Control Number 79560
003 - CONTROL NUMBER IDENTIFIER
rucl marc code BD-RjUL
005 - DATE AND TIME OF LATEST TRANSACTION
control field 20220519161759.0
008 - FIXED-LENGTH DATA ELEMENTS--GENERAL INFORMATION
fixed length control field 220315s2004 bg a|||| m||| 00| 0 eng d
035 ## - SYSTEM CONTROL NUMBER
system control number (BD-RjUL)79560
040 ## - CATALOGING SOURCE
Original cataloging agency BD-RjUL
Language of cataloging eng
Transcribing agency BD-RjUL
Modifying agency BD-RjUL
041 ## - LANGUAGE CODE
Language code of Book eng
082 ## - DEWEY DECIMAL CLASSIFICATION NUMBER
Classification number 338.17318
Author mark and Year ALC 2004
DDC Edition number 23
100 ## - MAIN ENTRY--PERSONAL NAME
Personal name Alam, Md. Nur
9 (RLIN) 1870
245 01 - TITLE STATEMENT
Title Contractual Arrangements for Rice Cultivation in Bangladesh /
Statement of responsibility, etc Md. Nur Alam ;
Name of Supervisor/Co-Supervisor Supervisor : M. Mohsin Ali
260 ## - PUBLICATION, DISTRIBUTION, ETC. (IMPRINT)
Place of publication, distribution, etc Rajshahi :
Name of publisher, distributor, etc Institute of Bangladesh, Rajshahi University,
Date of publication, distribution, etc 2004
300 ## - PHYSICAL DESCRIPTION
Pagination xxi, 272 Leaves :
Other physical details ill. ;
Dimensions 29 cm.
502 ## - DISSERTATION NOTE
Dissertation note Thesis (Ph. D.) -- Institute of Bangladesh, Rajshahi University, 2004
504 ## - BIBLIOGRAPHY, ETC. NOTE
Bibliography, etc Bibliography : Leaves [243]-254
600 ## - SUBJECT ADDED ENTRY--PERSONAL NAME
Dates associated with a name
-- 3079
650 ## - SUBJECT ADDED ENTRY--TOPICAL TERM
Topical term or geographic name as entry element Rice
General subdivision Economic aspects
Geographic subdivision Bangladesh
9 (RLIN) 3076
Topical term or geographic name as entry element Land tenure
General subdivision Law and legislation
Geographic subdivision Bangladesh
9 (RLIN) 3077
700 ## - ADDED ENTRY--SUPERVISOR/CO-SUPERVISOR NAME
Personal name Ali, M. Mohsin, Supervisor
9 (RLIN) 1843
942 ## - ADDED ENTRY ELEMENTS (KOHA)
Source of classification or shelving scheme Dewey Decimal Classification
Koha item type Theses
Holdings
Source of classification or shelving scheme Damaged status Not for loan Collection code Permanent Location Current Location Shelving location Date of accession Source of acquisition Full call number Barcode Date last seen Copy number Thesis
Dewey Decimal Classification   Not For Loan Theses Central Library, University of Rajshahi Central Library, University of Rajshahi Documentation Section 18/07/2005 Controller of Exam., R.U THE 338.17318 ALC 2004 D2388 15/03/2022 C-1 Theses